Eurasia Country Borders - 2 Truths and a Lie - Statistics

General Stats
  • This quiz has been taken 17 times
  • The average score is 8 of 10
Answer Stats
Question Answer % Correct
Kazakhstan Mongolia
94%
Italy Monaco
88%
Thailand Vietnam
88%
Russia Armenia
82%
Saudi Arabia Israel
82%
Bulgaria Kosovo
82%
Indonesia Brunei
76%
France The Netherlands
76%
Croatia Austria
71%
Turkmenistan Tajikistan
53%
No matching quizzes found
Score Distribution
Percent of People with Each Score
Percentile by Number Answered
Your Score History
You have not taken this quiz